La vida láctea : (Registro nro. 56977)
[ vista simple ]
| 000 -CABECERA | |
|---|---|
| Longitud fija campo de control | 01617nam a2200301 i 4500 |
| 003 - • IDENTIFICADOR DELl NÚMERO DE CONTROL | |
| Identificador del número de control | CO-BoRNBP |
| 005 - • FECHA Y HORA DE LA ÚLTIMA TRANSACCIÓN | |
| Fecha y hora de la última transacción | 20250226111452.0 |
| 007 - • CAMPO FIJO DE DESCRIPCIÓN FÍSICA | |
| Campo fijo de descripción física | ta |
| 008 - • CÓDIGOS DE INFORMACIÓN DE LONGITUD FIJA | |
| Códigos de información de longitud fija | 231009t2018 sp a|||g| 001 0|spa | |
| 020 ## - • NÚMERO INTERNACIONAL NORMALIZADO PARA LIBROS | |
| Número Internacional Normalizado para Libros (ISBN) | 9789584273567 |
| 040 ## - FUENTE DE LA CATALOGACIÓN | |
| Centro catalogador de origen | CO-BoRNBP |
| Lengua de catalogación | spa |
| Normas de descripción | rda |
| Centro transcriptor | CO-BoRNBP |
| 041 0# - • CÓDIGO DE LENGUA | |
| Código de lengua original | spa |
| 082 04 - • NÚMERO DE LA CLASIFICACIÓN DECIMAL DEWEY | |
| Número de clasificación (R) | 649 |
| Número del ítem | A15v |
| 100 1# - • PUNTO DE ACCESO PRINCIPAL-NOMBRE DE PERSONA | |
| Nombre de persona | Andrade, Tatiana |
| Término indicativo de función | autora |
| 245 13 - • TITULO PROPIAMENTE DICHO | |
| Título | La vida láctea : |
| Resto del título | correspondencia entre dos madres trasnochadas/ |
| Mención de responsabilidad, etc. | Tatiana Andrade, María Camila Sanjinés |
| 250 ## - • MENCIÓN DE EDICIÓN | |
| Mención de edición | Primera edición |
| 264 1# - PRODUCCIÓN, PUBLICACIÓN , DISTRIBUCIÓN, FABRICACIÓN Y COPYRIGHT | |
| Lugar de producción, publicación, distribución, fabricación | Bogotá, Colombia |
| Nombre del productor, editor, distribuidor, fabricante | Planeta Colombiana |
| Fecha de de producción, publicación, distribución, fabricación o copyright | 2018 |
| 300 ## - • DESCRIPCIÓN FÍSICA | |
| Extensión | 231 páginas |
| Otras características físicas | ilustraciones a color |
| Dimensiones | 22 cm |
| 336 ## - TIPO DE CONTENIDO | |
| Término de tipo de contenido | texto |
| Código de tipo de contenido | txt |
| Fuente | rdacontent |
| 337 ## - TIPO DE MEDIO | |
| Nombre del tipo de medio | sin mediación |
| Código del tipo de medio | n |
| Fuente | rdamedia |
| 338 ## - TIPO DE SOPORTE | |
| Nombre del tipo de soporte | volumen |
| Código del tipo de soporte | nc |
| Fuente | rdacarrier |
| 520 3# - • NOTA DE RESUMEN | |
| Resumen, etc, | Se trata de un admirable contenido gráfico y escrito que va confesándole al lector lo que parece inconfesable: ¿qué pasa con el sexo después del parto?¿Por qué se sienten celos de la independencia de la pareja?¿En dónde queda la vida de las mujeres cuando tienen hijos tras haber pensado que jamás serían madres? ¿Por qué no decir, a voz en cuello, que la maternidad es una experiencia dolorosa, triste, cansada, llena de humor y de libertad, pero también de dureza? En la misma línea de libros como Vajournal, este dúo de autoras ha construido un universo que rebasa la maternidad para conquistar un desenfadado, e irónico tono. |
| 650 17 - • PUNTO DE ACCESO ADICIONAL DE MATERIA - TÉRMINO DE MATERIA | |
| Término de materia o nombre geográfico como elemento inicial | Maternidad |
| Fuente del encabezamiento o término | ARMARC |
| 650 17 - • PUNTO DE ACCESO ADICIONAL DE MATERIA - TÉRMINO DE MATERIA | |
| Término de materia o nombre geográfico como elemento inicial | Crianza de niños |
| Fuente del encabezamiento o término | ARMARC |
| 650 17 - • PUNTO DE ACCESO ADICIONAL DE MATERIA - TÉRMINO DE MATERIA | |
| Término de materia o nombre geográfico como elemento inicial | Sexualidad |
| Fuente del encabezamiento o término | ARMARC |
| 700 ## - • PUNTO DE ACCESO ADICIONAL - NOMBRE DE PERSONA | |
| Nombre de persona | Sanjinés, María Camila |
| Término indicativo de función | autora |
| 942 ## - ENTRADA DE ELEMENTOS AGREGADOS (KOHA) | |
| Fuente de clasificaión o esquema | Dewey Decimal Classification |
| Koha [por defecto] tipo de item | LIbro |
| Perdido | Fuente de clasificación o esquema | Estado Físico | No para préstamo | Forma de adquisición | Localización permanente | Localización actual | Localización en estanterías | Fecha adquisición | Préstamos totales | Signatura completa | Código de barras | Fecha última consulta | Número de copia | Fecha del precio de reemplazo | Tipo de item de Koha |
|---|---|---|---|---|---|---|---|---|---|---|---|---|---|---|---|
| Dewey Decimal Classification | Colección General | Biblioteca Pública José Eustasio Rivera - San Martin | Biblioteca Pública José Eustasio Rivera - San Martin | General | 10/06/2025 | 649 A15v | SM04287 | 10/06/2025 | Ej.1 | 10/06/2025 | LIbro | ||||
| Dewey Decimal Classification | Colección General | Biblioteca Pública Puerto Lleras | Biblioteca Pública Puerto Lleras | General | 08/12/2025 | 649 A15v | PLL00400 | 08/12/2025 | Ej.1 | 08/12/2025 | LIbro | ||||
| Dewey Decimal Classification | Colección General | Biblioteca Pública San Carlos de Guaroa - Eduardo Carranza | Biblioteca Pública San Carlos de Guaroa - Eduardo Carranza | General | 08/15/2025 | 649 A15v | SG03936 | 08/15/2025 | Ej.1 | 08/15/2025 | LIbro | ||||
| Dewey Decimal Classification | Colección General | Biblioteca Pública El Castillo - Alfonso Meneses | Biblioteca Pública El Castillo - Alfonso Meneses | General | 10/14/2025 | 649 A15v | EC03092 | 10/14/2025 | Ej.1 | 10/14/2025 | LIbro | ||||
| Dewey Decimal Classification | Colección General | Biblioteca Pública Cabuyaro | Biblioteca Pública Cabuyaro | General | 09/26/2025 | 649 A15v | CAB001299 | 09/26/2025 | Ej.1 | 09/26/2025 | LIbro | ||||
| Dewey Decimal Classification | Colección General | Biblioteca Pública Guamal | Biblioteca Pública Guamal | General | 02/04/2025 | 649 A15v | GUA004825 | 02/26/2025 | Ej.1 | 02/26/2025 | LIbro | ||||
| Dewey Decimal Classification | Colección General | Biblioteca Pública Mapiripan | Biblioteca Pública Mapiripan | General | 08/22/2025 | 649 A15v | MAP00004470 | 08/22/2025 | Ej.1 | 08/22/2025 | LIbro | ||||
| Clasificación Local Facetada | Colección General | Biblioteca Pública Puerto Concordia | Biblioteca Pública Puerto Concordia | General | 02/18/2026 | 649 A15v | PCON02147 | 02/18/2026 | Ej.1 | 02/18/2026 | LIbro | ||||
| Dewey Decimal Classification | Colección General | Biblioteca Pública Uribe - Reinerio Arenas | Biblioteca Pública Uribe - Reinerio Arenas | General | 02/02/2026 | 649 A15v | URI03266 | 02/02/2026 | Ej.1 | 02/02/2026 | LIbro |